1935 1336 1782 1320 1687 1271 1696 1377 1280 1686 1925 1946 1003 1212 1004 1479 1485 1121 1264 1322 1595 1122 1210 1223 1228 1130 1653 1857 1618 1130 1127 1562 1424 1881 1124 1640 1796 1008 1260 1497 1141 1643 1703 1450 1567 1945 1189 1308 1190 1301 1392 1033 1703 1194 1275 1452 1318 1211 1594 1343 1242 1856 1794 1044 1353 1298 1287 1933 1374 1953 1818 1066 1499 1156 1940 1253 1787 1613 1273 1563 1003 1372 1192 1280 1431 1215 1637 1384 1559 1229 1040 1680 1592 1406 1950 1492 1831 1245 1168 BCNSPRNW ULIB Ver.6.0+V

เปลี่ยนเป็นภาษาไทย

Change to English
 แสดงรายละเอียดบรรณานุกรม
  กลับหน้าหลัก

Brief Record : Get Marc (ISO 2709) : E-mail record : QR code < ปิดหน้าต่าง
LEADER : 00000nam 2200000uu 4500
001    13399114068
003     ULIB
008    120214s2545||||th 000 0 tha d
020    ^a974959343x
060 04 ^aWA380^bส237อ 2545
100 0  ^aสมใจ วินิจกุล
245 10 ^aอนามัยชุมชน :^bกระบวนการวินิจฉัยและการแก้ปัญหา /^cสมใจวินิจกุล
250    ^aพิมพ์ครั้งที่ 1
260    ^aกรุงเทพฯ :^bภาควิชาการพยาบาลสาธารณสุขศาสตร์วิทยาลัยพยาบาลเกื้อการุณย์,^c2545
300    ^a100 หน้า ;^c27 ซม.
650  7 ^aอนามัยชุมชน
650  7 ^aอนามัยสิ่งแวดล้อม
710 2  ^aวิทยาลัยพยาบาลเกื้อการุณย์.^bภาควิชาการพยาบาลสาธารณสุขศาสตร์
945    ^p120^l0^i12138
945    ^p120^l0^i12140
995    ^aกัณชพร
999    ^aใช้งานได้ทุกระบบ
รายการนี้ยังไม่มีแท็ก
คุณยังไม่ได้ล็อกอิน คุณสามารถมีกิจกรรมร่วมกับเว็บไซต์ได้ แต่ต้องล็อกอินก่อน ::
  ล็อกอิน

รายการสื่อสารสนเทศ

ลำดับที่ ประเภท เลขเรียก/บาร์โค้ด สถานที่ สถานะ
- ไม่พบข้อมูล -

รายการใกล้เคียง
    ผู้แต่ง [สมใจ วินิจกุล]

    หัวเรื่อง [อนามัยชุมชน]
    หัวเรื่อง [อนามัยสิ่งแวดล้อม]

BibComment


ยังไม่เคยถูกคอมเมนท์

คอมเมนท์ทรัพยากรรายการนี้
  คอมเมนท์: อนามัยชุมชน กระ..


 Copyright 2026. Bcnsprnw @Library